Policy and politics in Britain: The limits of consensus (Record no. 226906)

MARC details
000 -LEADER
fixed length control field 00413nam a2200157Ia 4500
008 - FIXED-LENGTH DATA ELEMENTS--GENERAL INFORMATION
fixed length control field 230917s9999||||xx |||||||||||||| ||und||
020 ## - ISBN
Price POU4.95
040 ## - CATALOGING SOURCE
-- 3590
Original cataloging agency VIVEKANANDA LIBRARY
041 ## - Language
-- English
082 ## - DDC NUMBER
Classification number 320.942 A38P
100 ## - MAIN ENTRY--PERSONAL NAME
Personal name Ashford, Douglas E
245 #0 - TITLE STATEMENT
Title Policy and politics in Britain: The limits of consensus
260 ## - PUBLICATION, DISTRIBUTION, ETC. (IMPRINT)
Place of publication, distribution, etc Oxford
Name of publisher, distributor, etc Basil Blackwell
Date of publication, distribution, etc 1981
300 ## - PHYSICAL DESCRIPTION
Pages xv, 330 p.
942 ## - ADDED ENTRY ELEMENTS (KOHA)
Koha item type Books
Holdings
Withdrawn status Lost status Damaged status Not for loan Location (home branch) Sublocation or collection (holding branch) Date acquired Koha issues (times borrowed) Koha full call number Accession No. Koha date last seen Koha item type
        VIVEKANANDA LIBRARY VIVEKANANDA LIBRARY 08/08/2002   320.942 A38P 94378 17/09/2023 Books
© Designed and Maintained by Vivekananda Library, MDU Rohtak